[Event "Challenge"]
[Site "http://www.queenalice.com/game.php?id=1332159"]
[Date "2015.1.2"]
[Round "-"]
[White "Zefil"]
[Black "masam2014"]
[Result "0-1"]
[WhiteElo "1849"]
[BlackElo "1680"]

1. b3 e5 2. Bb2 Nc6 3. e3 Nf6 4. Bb5 e4 5. Ne2 a6 6. Bxc6 dxc6 7. d4 Be7 8. Nd2
O-O 9. Ng3 Bg4 10. f3 exf3 11. gxf3 Bd7 12. Qe2 Bb4 13. O-O-O Bxd2+ 14. Rxd2 Nd5
15. c4 Nf6 16. e4 Re8 17. Qg2 Bc8 18. e5 Nd7 19. Nf5 g6 0-1

[Event "AUTO-MASTER-2220"]
[Site "http://www.queenalice.com/game.php?id=1332201"]
[Date "2015.1.2"]
[Round "1"]
[White "Zefil"]
[Black "novoselic"]
[Result "1/2-1/2"]
[WhiteElo "1826"]
[BlackElo "1991"]

1. b3 e5 2. Bb2 Nc6 3. e3 Nf6 4. Bb5 Bc5 5. Bxc6 dxc6 6. Bxe5 O-O 7. h3 Re8 8.
Nf3 Bf5 9. Bb2 h6 10. d4 Bd6 11. O-O Ne4 12. Nbd2 Qf6 13. Nxe4 Bxe4 14. Nd2 Bf5
15. Kh1 Qh4 16. Nf3 Qh5 17. Ne1 Qh4 18. Nf3 Qh5 19. Ne1 1/2-1/2

[Event "AUTO-MASTER-2220"]
[Site "http://www.queenalice.com/game.php?id=1332202"]
[Date "2015.1.2"]
[Round "1"]
[White "novoselic"]
[Black "Zefil"]
[Result "1-0"]
[WhiteElo "1924"]
[BlackElo "1850"]

1. e4 d5 2. exd5 Qxd5 3. Nc3 Qa5 4. d4 Nf6 5. Bc4 Bg4 6. Qd3 e6 7. Ne2 Bd6 8.
Bd2 Qf5 9. Qxf5 Bxf5 10. O-O-O c6 11. g3 a5 12. Rhe1 b5 13. Bd3 Bxd3 14. cxd3
O-O 15. f4 Nbd7 16. Ne4 Be7 17. h4 Nd5 18. g4 Bxh4 19. Rh1 Be7 20. g5 f5 21.
gxf6 N7xf6 22. Rdg1 Kf7 23. Ng5+ 1-0

[Event "AUTO-OPEN-3411"]
[Site "http://www.queenalice.com/game.php?id=1332259"]
[Date "2015.1.2"]
[Round "1"]
[White "Zefil"]
[Black "Cyrille2le"]
[Result "0-1"]
[WhiteElo "1873"]
[BlackElo "1979"]

1. e4 e6 2. b3 d5 3. Bb2 Nf6 4. exd5 exd5 5. Nf3 Bg4 6. h3 Bh5 7. Be2 Bd6 8. Nd4
Bxe2 9. Qxe2+ Qe7 10. Qxe7+ Bxe7 11. O-O O-O 12. Nf5 Re8 13. Nc3 Na6 14. a3 c6
15. d3 Nc7 16. Rfe1 Bf8 17. Ne2 Re6 18. Nf4 Rxe1+ 0-1

[Event "AUTO-OPEN-3411"]
[Site "http://www.queenalice.com/game.php?id=1332260"]
[Date "2015.1.2"]
[Round "1"]
[White "Cyrille2le"]
[Black "Zefil"]
[Result "1-0"]
[WhiteElo "1991"]
[BlackElo "1861"]

1. d4 c6 2. c4 Nf6 3. Nc3 d6 4. e4 e5 5. d5 cxd5 6. cxd5 Bg4 7. f3 Bd7 8. Be3 a6
9. Qb3 b5 10. a4 Qa5 11. Ne2 Be7 12. Nc1 O-O 13. Be2 Nh5 14. Nd3 f5 15. O-O f4
16. Bf2 bxa4 17. Qb7 Nf6 18. Qxa8 Nc6 19. Qxf8+ 1-0

[Event "AUTO-ADV-3327"]
[Site "http://www.queenalice.com/game.php?id=1332273"]
[Date "2015.1.2"]
[Round "1"]
[White "Cuyo"]
[Black "Zefil"]
[Result "0-1"]
[WhiteElo "1957"]
[BlackElo "1833"]

1. b4 e5 2. Bb2 Bxb4 3. Bxe5 Nf6 4. Nf3 Nc6 5. Bb2 O-O 6. e3 d5 7. c4 Be6 8. a3
Ba5 9. cxd5 Bxd5 10. Be2 Bb6 11. Nc3 Be6 12. O-O Na5 13. d4 c6 14. Bd3 Nc4 15.
Rb1 Nxb2 16. Rxb2 Bg4 17. Bb1 Qd6 18. h3 Bxf3 19. Qxf3 Rae8 0-1

[Event "AUTO-ADV-3327"]
[Site "http://www.queenalice.com/game.php?id=1332274"]
[Date "2015.1.2"]
[Round "1"]
[White "Zefil"]
[Black "Cuyo"]
[Result "1-0"]
[WhiteElo "1854"]
[BlackElo "1936"]

1. e4 e6 2. b3 Nf6 3. e5 Nd5 4. c4 Ne7 5. Bb2 c5 6. Qg4 g6 7. Nc3 a6 8. Ne4 Bg7
9. Nd6+ Kf8 10. Bd3 Nbc6 11. f4 Nf5 12. Bxf5 exf5 13. Qf3 Nb4 14. Kd1 Rb8 15. a3
Nc6 16. h4 Nd4 17. Qd5 Qe7 18. Bxd4 cxd4 19. Nf3 1-0

[Event "AUTO-ADV-3327"]
[Site "http://www.queenalice.com/game.php?id=1332289"]
[Date "2015.1.2"]
[Round "1"]
[White "Zefil"]
[Black "maurice91"]
[Result "0-1"]
[WhiteElo "1956"]
[BlackElo "1899"]

1. b3 e5 2. Bb2 Nc6 3. e3 d5 4. Bb5 Bd6 5. Ne2 Ne7 6. O-O O-O 7. Bxc6 bxc6 8. f4
f6 9. fxe5 fxe5 10. Rxf8+ Qxf8 11. Qf1 Bf5 0-1

[Event "AUTO-ADV-3327"]
[Site "http://www.queenalice.com/game.php?id=1332290"]
[Date "2015.1.2"]
[Round "1"]
[White "maurice91"]
[Black "Zefil"]
[Result "1-0"]
[WhiteElo "1917"]
[BlackElo "1938"]

1. d4 e5 2. e4 exd4 3. c3 dxc3 4. Nxc3 Ne7 5. e5 Nbc6 6. f4 Nf5 7. g3 d6 8. Bg2
Bd7 9. Nge2 dxe5 10. O-O Bc5+ 11. Kh1 1-0

[Event "AUTO-ADV-3327"]
[Site "http://www.queenalice.com/game.php?id=1332291"]
[Date "2015.1.2"]
[Round "1"]
[White "Zefil"]
[Black "NickThorp"]
[Result "0-1"]
[WhiteElo "1908"]
[BlackElo "1605"]

1. b3 e5 2. Bb2 Nc6 3. e3 e4 4. d4 d5 5. Bb5 Nf6 6. c4 dxc4 7. bxc4 Bb4+ 8. Bc3
O-O 9. Bxc6 Bxc3+ 10. Nxc3 bxc6 0-1

[Event "AUTO-ADV-3327"]
[Site "http://www.queenalice.com/game.php?id=1332292"]
[Date "2015.1.2"]
[Round "1"]
[White "NickThorp"]
[Black "Zefil"]
[Result "1-0"]
[WhiteElo "1633"]
[BlackElo "1880"]

1. e4 e6 2. d4 d5 3. e5 c5 4. Nf3 Nc6 5. Bb5 Bd7 6. O-O Nxe5 7. Nxe5 Bxb5 8. Re1
Nf6 9. dxc5 Bxc5 10. Nc3 Bc6 11. Bg5 1-0

[Event "AUTO-OPEN-3295"]
[Site "http://www.queenalice.com/game.php?id=1342968"]
[Date "2015.2.21"]
[Round "2"]
[White "Sacapiece"]
[Black "Zefil"]
[Result "1-0"]
[WhiteElo "2192"]
[BlackElo "1812"]

1. e4 e6 2. d4 d5 3. Nc3 Bb4 4. e5 c5 5. a3 cxd4 6. axb4 dxc3 7. Nf3 Qc7 8. Ra3
cxb2 9. Bxb2 Ne7 10. Bd3 Nd7 11. O-O Nb6 12. Qa1 Bd7 13. Bd4 Nc6 14. Bc5 Nc8 15.
b5 Nxe5 16. Qxe5 Qxc5 17. Rc3 1-0

[Event "AUTO-OPEN-3295"]
[Site "http://www.queenalice.com/game.php?id=1342969"]
[Date "2015.2.21"]
[Round "2"]
[White "Zefil"]
[Black "Sacapiece"]
[Result "0-1"]
[WhiteElo "1814"]
[BlackElo "2191"]

1. b3 e5 2. Bb2 Nc6 3. e3 Nf6 4. Bb5 e4 5. Nc3 d5 6. d4 Bd6 7. Bxc6+ bxc6 8. Na4
Qe7 9. Ne2 Ba6 10. O-O Bxh2+ 11. Kh1 Ng4 12. g3 h5 13. Kg2 h4 14. Rh1 h3+ 15.
Kf1 Qf6 16. Rxh2 Nxe3+ 0-1

[Event "AUTO-OPEN-3295"]
[Site "http://www.queenalice.com/game.php?id=1342974"]
[Date "2015.2.21"]
[Round "2"]
[White "Zefil"]
[Black "novoselic"]
[Result "0-1"]
[WhiteElo "1825"]
[BlackElo "1949"]

1. b3 e5 2. Bb2 Nc6 3. e3 d5 4. Bb5 Bd6 5. Ne2 Nf6 6. d4 e4 7. c4 Bb4+ 8. Bc3
Bd6 9. cxd5 Nxd5 10. Bxc6+ bxc6 11. Bd2 Bg4 12. h3 Bh5 13. Nbc3 f5 14. Nxd5 cxd5
0-1

[Event "AUTO-OPEN-3295"]
[Site "http://www.queenalice.com/game.php?id=1342975"]
[Date "2015.2.21"]
[Round "2"]
[White "novoselic"]
[Black "Zefil"]
[Result "1-0"]
[WhiteElo "1937"]
[BlackElo "1837"]

1. e4 d5 2. exd5 Qxd5 3. Nc3 Qd6 4. Nf3 Bg4 5. Be2 Nc6 6. O-O Nf6 7. d3 a6 8.
Be3 O-O-O 9. h3 Bf5 10. b4 Qxb4 11. Qe1 e6 12. Rb1 Qa5 13. Rb3 Nd5 14. Nxd5 Qxe1
15. Rxe1 1-0